000
00378nam a2200145Ia 4500
008
100122s9999 xx 000 0 und d
082
_b
62875
_a
821
100
_a
फुटाणे रामदास
245
_a
कॉलटेल
260
_b
औदुंबर
_c
2002
300
_a
123
630
_a
कॉलटेल
730
_a
कॉलटेल
942
_c
BOOK
999
_c
437146
_d
437143